000 00429nam a22001697a 4500
003 MPLRDC
005 20220104124302.0
008 210129b ||||| |||| 00| 0 eng d
082 _a856.91 ZMT
100 _a曹懋唐、伍伦编著
245 _a上海影坛话旧
_c
250 _a一版一刷
260 _a
_b上海文艺出版社
_c1987
300 _b
650 _a函牍及杂著--杂项
942 _cBK
_o856.91 ZMT
999 _c18120
_d18110